000 00545nam a2200169Ia 4500
999 _c19334
_d19334
003 OSt
005 20200619103843.0
008 190216s9999||||xx |||||||||||||| ||und||
040 _coclc
082 _a954.0520924
_bBHA/P
100 _aBhattacharya, Vivek Ranjan
_93067
245 0 _aPresident Zail Singh A Profile Of Dedication /
_cVivek Ranjan Bhattacharya
260 _bMetropolitan Publishing,
_c1984.
_aNew Delhi:
300 _a245p
650 _aHistory
942 _cBK
_2ddc
_h954.0520924
_iBHA/P
_k954.0520924
_mBHA/P